'Lisbeth : a story of two worlds /

Bibliographic Details
Main Author: Twing, Carolinn E. S., 1844-
Format: Microform Book
Language:English
Published: Boston : Banner of Light Pub. Co., 1900.

MARC

Tag First Indicator Second Indicator Subfields
LEADER 00000cam a2200000 a 4500
001 in00000747021
005 20151016161748.0
007 hd afa014baca
008 830714s1900 ctu a 00011 eng d
035 |a (OCoLC)09703430 
035 |9 ADJ2371AM 
040 |a LWS  |c LWS  |d UtOrBLW 
049 |a TXAI 
090 |a PS15 
099 |a film  |a B  |a 1551 
100 1 |a Twing, Carolinn E. S.,  |d 1844- 
245 1 0 |a 'Lisbeth :  |b a story of two worlds /  |b by Carrie E. S. Twing. 
264 1 |a Boston :  |b Banner of Light Pub. Co.,  |c 1900. 
300 |a 354 pages 
336 |a text  |b txt  |2 rdacontent 
337 |a microform  |b h  |2 rdamedia 
338 |a microfilm reel  |b hd  |2 rdacarrier 
533 |a Microfilm.  |b Woodbridge, Conn. :  |c Research Publications,  |d 1970-1978.  |e 1 microfilm reel ; 35 mm.  |f (Wright American fiction ; v. 3 (1876-1900), reel T-36, no. 5612) 
500 |a Microform. 
999 |a MARS 
999 f f |s 108942b7-bf21-3dba-9597-fc8e2d6df3bb  |i 26545eaf-111d-3311-846b-bafd08b08595  |t 0 
952 f f |p default  |a Texas A&M University  |b College Station  |c Sterling C. Evans Library  |d Evans: Microforms (3rd floor)  |t 0  |e film B 1551 v.3 reel T-36 no.5612  |h Other scheme  |i microform -- microfilm reel 
998 f f |a film B 1551 v.3 reel T-36 no.5612  |t 0  |l Evans: Microforms (3rd floor)